Light and video microscopy / (Record no. 21450)

MARC details
000 -LEADER
fixed length control field 02833cam a22003375i 4500
001 - CONTROL NUMBER
control field 18227170
003 - CONTROL NUMBER IDENTIFIER
control field EG-ScBUE
005 - DATE AND TIME OF LATEST TRANSACTION
control field 20260308091521.0
008 - FIXED-LENGTH DATA ELEMENTS--GENERAL INFORMATION
fixed length control field 140715t2014 caua frb 001 0 eng d
020 ## - INTERNATIONAL STANDARD BOOK NUMBER
International Standard Book Number 9780124114845 (hbk.)
040 ## - CATALOGING SOURCE
Original cataloging agency EG-ScBUE
Language of cataloging eng
Description conventions rda
Transcribing agency EG-ScBUE
Modifying agency EG-ScBUE
082 04 - DEWEY DECIMAL CLASSIFICATION NUMBER
Classification number 570.282
Item number WAY
Edition number 22
100 1# - MAIN ENTRY--PERSONAL NAME
Personal name Wayne, Randy,
9 (RLIN) 39596
Relator term author.
245 10 - TITLE STATEMENT
Title Light and video microscopy /
Statement of responsibility, etc Randy Wayne.
250 ## - EDITION STATEMENT
Edition statement Second edition.
264 #1 - PUBLICATION, DISTRIBUTION, ETC. (IMPRINT)
Place of publication, distribution, etc San Diego, CA :
Name of publisher, distributor, etc Elsevier,
Date of publication, distribution, etc [2014]
264 #4 - PUBLICATION, DISTRIBUTION, ETC. (IMPRINT)
Date of publication, distribution, etc c2014
300 ## - PHYSICAL DESCRIPTION
Extent xiv, 350 pages :
Other physical details illustrations ;
Dimensions 29 cm
336 ## - CONTENT TYPE
Source rdacontent
Content type term text
Content type code txt
337 ## - MEDIA TYPE
Media type term unmediated
Source rdamedia
Media type code n
338 ## - CARRIER TYPE
Carrier type term volume
Carrier type code nc
Source rdacarrier
500 ## - GENERAL NOTE
General note Includes Appendices.<br/>
504 ## - BIBLIOGRAPHY, ETC. NOTE
Bibliography, etc Includes bibliographical references and index.<br/>
505 0# - FORMATTED CONTENTS NOTE
Formatted contents note 1. The relation between the object and the image -- 2. The geometric relationship between object and image -- 3. The dependence of image formation on the nature of light -- 4. Bright field microscopy -- 5. Photomicrography -- 6. Methods of generating contrast -- 7. Polarization microscopy -- 8. Interference microscopy -- 9. Differential interference contrast (DIC) microscopy -- 10. Amplitude modulation contrast microscopy -- 11. Fluorescence microscopy -- 12. Various types of microscopes and accessories -- 13. Video and digital microscopy -- 14. Image processing and analysis -- 15. Laboratory exercises.
520 ## - SUMMARY, ETC.
Summary, etc The purpose of this book is to provide the most comprehensive, easy-to-use, and informative guide on light microscopy. Light and Video Microscopy will prepare the reader for the accurate interpretation of an image and understanding of the living cell. With the presentation of geometrical optics, it will assist the reader in understanding image formation and light movement within the microscope. It also provides an explanation of the basic modes of light microscopy and the components of modern electronic imaging systems and guides the reader in determining the physicochemical information of living and developing cells, which influence interpretation. Brings together mathematics, physics, and biology to provide a broad and deep understanding of the light microscope. Clearly develops all ideas from historical and logical foundations. Laboratory exercises included to assist the reader with practical applications. Microscope discussions include: bright field microscope, dark field microscope, oblique illumination, phase-contrast microscope, photomicrography, fluorescence microscope, polarization microscope, interference microscope, differential interference microscope, and modulation contrast microscope. --
650 #7 - SUBJECT ADDED ENTRY--TOPICAL TERM
Topical term or geographic name as entry element Microscopy.
Source of heading or term BUEsh
9 (RLIN) 7470
650 #7 - SUBJECT ADDED ENTRY--TOPICAL TERM
Topical term or geographic name as entry element Video microscopy.
Source of heading or term BUEsh
9 (RLIN) 39598
653 ## - INDEX TERM--UNCONTROLLED
Resource For college Engineering, Electrical
Arrived date list March2016
655 ## - INDEX TERM--GENRE/FORM
Form subdivision Reading book
942 ## - ADDED ENTRY ELEMENTS (KOHA)
Source of classification or shelving scheme Dewey Decimal Classification
Koha item type Book - Borrowing
Holdings
Withdrawn status Lost status Source of classification or shelving scheme Damaged status Not for loan Collection code Home library Current library Shelving location Date acquired Source of acquisition Cost, normal purchase price Serial Enumeration / chronology Total Checkouts Total Renewals Full call number Barcode Date last seen Date checked out Cost, replacement price Price effective from Koha item type
    Dewey Decimal Classification     Baccah Central Library Central Library First floor 20/03/2016 Purchase 1275.00 3649 1 6 570.282 WAY 000032103 15/07/2025 20/03/2016 1593.75 20/03/2016 Book - Borrowing